000 00915nam a2200253Ia 4500
003 OSt
005 20221005112501.0
006 a|||||r|||| 00| 0
007 ta
008 221004b |||||||| |||| 00| 0 pan d
020 _a9789352045525 (hbk)
_cINR 195.00
024 _a33397
037 _b779, 27/02/2017, H.K. Prakashan
_cTextual
040 _aCRL
_cCRL
_bpan
041 _2pan
_apan
082 _aU8.25264, 153Q6
100 _aਸਿੰਘ, ਗੁਰਦੇਵ, ਂਚ.
245 0 _aਦੇਵੀ ਦੇਵਤਿਆਂ ਦੀ ਧਰਤੀ ਉੱਤਰਾਖੰਡ
260 _aਚੰਡੀਗੜ
_bਲੋਕਗੀਤ ਪ੍ਰਕਾFਨ ਭਾਰਤ
_c2016
300 _a82ਪ੍ਰ0
_ccm.
650 _a ਸਖ਼ਰਨਾਮਾ
942 _hU8.25264, 153Q6
_cTEXL
_2cc
999 _c1025015
_d1025015